| 000 | 00719cam a22002291 4500 | ||
|---|---|---|---|
| 001 | 1223358 | ||
| 003 | SEKU | ||
| 005 | 20140825155943.0 | ||
| 008 | 720107s1964 nyua b 000 0 eng | ||
| 010 | _a 63018624 | ||
| 040 |
_aDLC _cDLC _dDLC _dSEKU |
||
| 050 | 0 | 0 |
_aQD453 _b.E36 1964 |
| 082 | 0 | 0 | _a541 |
| 100 | 1 |
_aEggers, D. F. _q(David Frank), _cJr., _d1922-1995. |
|
| 245 | 0 | 0 |
_aPhysical chemistry / _c[by] D. F. Eggers [and others] |
| 260 |
_aNew York : _bWiley, _c[1964] |
||
| 300 |
_ax, 784 p. : _billus., diagrs. ; _c24 cm. |
||
| 500 | _a"Uncorrected page proof." | ||
| 504 | _aIncludes bibliographies. | ||
| 650 | 0 | _aChemistry, Physical and theoretical. | |
| 942 |
_2lcc _cGEN _hQD453 _i.E36 1964 |
||
| 999 |
_c1805 _d1805 |
||